[Event "Netanya op"]
[Site "Netanya"]
[Date "2019.07.01"]
[Round "8"]
[White "Gov, Guy"]
[Black "Axelrod, Arie"]
[Result "1/2-1/2"]
[WhiteElo "2024"]
[BlackElo "2227"]
[PlyCount "65"]
[EventDate "2019.06.23"]
[EventType "swiss"]
[EventRounds "9"]
[EventCountry "ISR"]
[SourceTitle "CBM 191 Extra"]
[Source "ChessBase"]
[SourceDate "2019.09.30"]
[SourceVersion "1"]
[SourceVersionDate "2019.09.30"]
[SourceQuality "1"]

1. Nf3 Nf6 2. b3 d5 3. Bb2 c5 4. e3 a6 5. Be2 Nc6 6. Ne5 Bd7 7. d3 d4 8. Nxd7 Qxd7 9. e4 e5 10. Bc1 Bd6 11. 0-0 0-0 12. Nd2 b5 13. a4 Bc7 14. Kh1 Ba5 15. g4 Bc3 16. Ra2 Nb4 17. Ra3 Qc6 18. g5 Nd7 19. f4 exf4 20. Nf3 Rac8 21. Nh4 g6 22. Bg4 Rc7 23. axb5 axb5 24. Bxf4 Bb2 25. Ra5 Rb7 26. Nf5 gxf5 27. Bxf5 Re8 28. Bxh7+ Kxh7 29. Qh5+ Kg8 30. Bd6 Nf8 31. Rf6 Ng6 32. Ra8 Rxa8 33. Rxg6+ 1/2-1/2

[Event "Netanya op"]
[Site "Netanya"]
[Date "2019.06.25"]
[Round "3"]
[White "Axelrod, Arie"]
[Black "Reches, Omer"]
[Result "1-0"]
[WhiteElo "2227"]
[BlackElo "1724"]
[PlyCount "53"]
[EventDate "2019.06.23"]
[EventType "swiss"]
[EventRounds "9"]
[EventCountry "ISR"]
[SourceTitle "CBM 191 Extra"]
[Source "ChessBase"]
[SourceDate "2019.09.30"]
[SourceVersion "1"]
[SourceVersionDate "2019.09.30"]
[SourceQuality "1"]

1. e4 c5 2. Nc3 e6 3. g3 Nc6 4. Bg2 g6 5. d3 Bg7 6. Be3 d6 7. Qd2 Rb8 8. Nge2 Nd4 9. 0-0 Ne7 10. Rae1 0-0 11. Nc1 Nec6 12. Nd1 e5 13. c3 Ne6 14. Bh6 Ne7 15. Bxg7 Kxg7 16. f4 exf4 17. gxf4 f5 18. Ne3 fxe4 19. Ne2 exd3 20. Qxd3 Qc7 21. c4 Bd7 22. Qc3+ Kg8 23. Ng4 Nd4 24. Nh6+ Kg7 25. Nxd4 Kxh6 26. Rxe7 cxd4 27. Qxd4 1-0

[Event "Jerusalem Japhet Memorial op 4th"]
[Site "Jerusalem"]
[Date "2018.07.06"]
[Round "7"]
[White "Shvayger, Yuliya"]
[Black "Axelrod, Arie"]
[Result "1/2-1/2"]
[WhiteElo "2409"]
[BlackElo "2269"]
[PlyCount "107"]
[EventDate "2018.07.01"]
[EventType "swiss"]
[EventRounds "7"]
[EventCountry "ISR"]
[SourceTitle "CBM 185 Extra"]
[Source "ChessBase"]
[SourceDate "2018.07.29"]
[SourceVersion "1"]
[SourceVersionDate "2018.07.29"]
[SourceQuality "1"]

1. e4 c5 2. Nf3 d6 3. d4 cxd4 4. Nxd4 Nf6 5. Nc3 g6 6. Be3 Bg7 7. f3 Nc6 8. Qd2 0-0 9. 0-0-0 Qa5 10. Kb1 Bd7 11. g4 Rfc8 12. h4 Ne5 13. h5 Nxf3 14. Nxf3 Bxg4 15. Bg2 Bxh5 16. Nd5 Qxd2 17. Nxf6+ Bxf6 18. Rxd2 Bxf3 19. Bxf3 Rc7 20. Rdh2 Rac8 21. Bxa7 Be5 22. Rd2 h5 23. Be3 Kf8 24. c3 e6 25. Bd4 Bf4 26. Rg2 Ke7 27. Bd1 e5 28. Bf2 Kf6 29. Rf1 Rc4 30. Bh4+ Kg7 31. Bxh5 Rxe4 32. Bf3 Re3 33. Bxb7 Rb8 34. Bd5 Rxc3 35. Bg5 Rc5 36. Bb3 Rbc8 37. Bxf4 exf4 38. a4 Rb8 39. Ka2 Rb4 40. Rd2 g5 41. Rxd6 f6 42. Ka3 Re4 43. Rd7+ Kg6 44. Rd5 Rxd5 45. Bxd5 Rd4 46. Bb7 Rd7 47. Bc6 Rc7 48. Bh1 Kf5 49. a5 g4 50. a6 f3 51. Bxf3 gxf3 52. Rxf3+ Ke5 53. Ka4 f5 54. Kb5 1/2-1/2

[Event "Jerusalem Japhet Memorial op 4th"]
[Site "Jerusalem"]
[Date "2018.07.02"]
[Round "2"]
[White "Ushenina, Anna"]
[Black "Axelrod, Arie"]
[Result "1-0"]
[WhiteElo "2447"]
[BlackElo "2269"]
[PlyCount "73"]
[EventDate "2018.07.01"]
[EventType "swiss"]
[EventRounds "7"]
[EventCountry "ISR"]
[SourceTitle "CBM 185 Extra"]
[Source "ChessBase"]
[SourceDate "2018.07.29"]
[SourceVersion "1"]
[SourceVersionDate "2018.07.29"]
[SourceQuality "1"]

1. Nf3 Nf6 2. c4 g6 3. d4 Bg7 4. Nc3 0-0 5. e4 c6 6. e5 Ne8 7. Bf4 d5 8. h4 h5 9. Qd2 Nc7 10. b3 Bg4 11. Nh2 Be6 12. Rd1 Nd7 13. c5 b6 14. b4 a5 15. a3 Qb8 16. Be2 axb4 17. axb4 Ra3 18. g4 bxc5 19. bxc5 Qb4 20. Rc1 hxg4 21. Nxg4 Bxg4 22. Bxg4 Ne6 23. Bxe6 fxe6 24. Nb1 Rb3 25. Qxb4 Rxb4 26. Be3 Rf5 27. Ke2 Rb2+ 28. Nd2 Rf8 29. Ra1 Rfb8 30. Ra6 Rc2 31. Rxc6 Rbb2 32. Rc7 Nb8 33. Ra1 Kf7 34. Kd3 Bf8 35. Ra8 Rc1 36. Rc8 Nd7 37. c6 1-0

[Event "Kiryat Ono op 6th"]
[Site "Kiryat Ono"]
[Date "2015.07.08"]
[Round "4"]
[White "Popilski, Gil"]
[Black "Axelrod, Arie"]
[Result "1-0"]
[WhiteElo "2519"]
[BlackElo "2285"]
[PlyCount "109"]
[EventDate "2015.07.05"]
[EventType "swiss"]
[EventRounds "5"]
[EventCountry "ISR"]
[SourceTitle "CBM 167 Extra"]
[Source "ChessBase"]
[SourceDate "2015.09.14"]
[SourceVersion "1"]
[SourceVersionDate "2015.09.14"]
[SourceQuality "1"]

1. d4 Nf6 2. c4 c5 3. Nf3 cxd4 4. Nxd4 Nc6 5. Nc3 g6 6. Nc2 Bg7 7. e4 0-0 8. Be2 d6 9. 0-0 Nd7 10. Bd2 a5 11. Kh1 Nc5 12. f3 f5 13. exf5 Bxf5 14. Ne3 Bd3 15. Bxd3 Nxd3 16. Qb1 Nc5 17. Ng4 Qd7 18. Bh6 Bxh6 19. Nxh6+ Kg7 20. Ng4 Qf5 21. Qe1 Rf7 22. Rd1 Raf8 23. Nb5 h5 24. Ne3 Qe5 25. Qd2 Nb4 26. Nd5 Nbd3 27. b3 e6 28. Ndc7 b6 29. a3 Rf4 30. Kg1 d5 31. b4 dxc4 32. bxc5 Qxc5+ 33. Kh1 R4f6 34. Qc3 e5 35. Rxd3 cxd3 36. Qxd3 Rc6 37. Nd5 Rd8 38. Nbc3 Qd4 39. Qa6 Rxc3 40. Nxc3 Qxc3 41. Qxb6 Rd4 42. Qb7+ Kf6 43. Qa6+ Kg5 44. Qe6 Rf4 45. Qd5 Kh6 46. Qd6 Rf5 47. Rd1 Rf4 48. Rb1 Qc2 49. Qb8 Rf7 50. Re1 e4 51. Qh8+ Kg5 52. Qd8+ Kh6 53. Qh8+ Kg5 54. h4+ Kxh4 55. Qd8+ 1-0

[Event "Jerusalem Japhet Memorial op 2nd"]
[Site "Jerusalem"]
[Date "2014.07.23"]
[Round "8"]
[White "Axelrod, Arie"]
[Black "Ritvo, Dan"]
[Result "1-0"]
[WhiteElo "2285"]
[BlackElo "1877"]
[PlyCount "44"]
[EventDate "2014.07.16"]
[EventType "swiss"]
[EventRounds "9"]
[EventCountry "ISR"]
[SourceTitle "CBM 161 Extra"]
[Source "ChessBase"]
[SourceDate "2014.08.29"]
[SourceVersion "1"]
[SourceVersionDate "2014.08.29"]
[SourceQuality "1"]

1. e4 c5 2. Nf3 g6 3. c4 Bg7 4. d4 cxd4 5. Nxd4 Nc6 6. Be3 Nf6 7. Nc3 d6 8. Be2 h5 9. h3 Qa5 10. 0-0 g5 11. Nb3 Qe5 12. Nd5 Qxe4 13. Nc7+ Kd8 14. Nxa8 Bxh3 15. gxh3 Qh4 16. Kg2 Ne5 17. Qd4 Ne4 18. Qxa7 Kd7 19. Nd4 Nc5 20. Nb6+ Kc7 21. Qa5 Qe4+ 22. f3 Qxe3 1-0

[Event "Jerusalem Japhet Memorial op 2nd"]
[Site "Jerusalem"]
[Date "2014.07.22"]
[Round "7"]
[White "Gamayev, Oleg"]
[Black "Axelrod, Arie"]
[Result "0-1"]
[WhiteElo "2181"]
[BlackElo "2285"]
[PlyCount "82"]
[EventDate "2014.07.16"]
[EventType "swiss"]
[EventRounds "9"]
[EventCountry "ISR"]
[SourceTitle "CBM 161 Extra"]
[Source "ChessBase"]
[SourceDate "2014.08.29"]
[SourceVersion "1"]
[SourceVersionDate "2014.08.29"]
[SourceQuality "1"]

1. d4 Nf6 2. g3 d5 3. Bg2 Bf5 4. c4 e6 5. Nc3 c6 6. Nf3 h6 7. 0-0 Nbd7 8. cxd5 exd5 9. Bf4 Be7 10. a3 a5 11. Qd2 0-0 12. Rfc1 Nb6 13. Ne5 Nfd7 14. b3 Nxe5 15. Bxe5 a4 16. Nxa4 Nxa4 17. bxa4 Rxa4 18. Qb2 Qd7 19. Rc3 g5 20. e4 Bxe4 21. Bxe4 dxe4 22. Qc2 Rfa8 23. Qxe4 Rxa3 24. Rcxa3 Rxa3 25. Rb1 b5 26. Rc1 Ra6 27. Rd1 Qd5 28. Qe2 Ra2 29. Qh5 Qe6 30. Qf3 b4 31. Qd3 b3 32. Rb1 b2 33. Kg2 Ba3 34. Qa6 f6 35. Bc7 Qe4+ 36. f3 Qxb1 37. Qc8+ Bf8 38. Qe6+ Kg7 39. Qd7+ Kh8 40. Kh3 h5 41. g4 Qf1+ 0-1

[Event "Jerusalem Japhet Memorial op 2nd"]
[Site "Jerusalem"]
[Date "2014.07.21"]
[Round "6"]
[White "Axelrod, Arie"]
[Black "Erenberg, Ariel"]
[Result "1/2-1/2"]
[WhiteElo "2285"]
[BlackElo "2131"]
[PlyCount "88"]
[EventDate "2014.07.16"]
[EventType "swiss"]
[EventRounds "9"]
[EventCountry "ISR"]
[SourceTitle "CBM 161 Extra"]
[Source "ChessBase"]
[SourceDate "2014.08.29"]
[SourceVersion "1"]
[SourceVersionDate "2014.08.29"]
[SourceQuality "1"]

1. e4 c5 2. Nf3 e6 3. c3 Nf6 4. Bd3 d5 5. e5 Nfd7 6. 0-0 Nc6 7. Bb5 Qc7 8. d4 a6 9. Ba4 Be7 10. Bc2 f6 11. exf6 Nxf6 12. Bg5 0-0 13. Nbd2 Bd6 14. dxc5 Bxc5 15. Bh4 Bd6 16. Bg3 e5 17. c4 Nb4 18. Bb1 Bg4 19. cxd5 Nbxd5 20. Ne4 Rae8 21. Bc2 Bxf3 22. gxf3 Kh8 23. Nxd6 Qxd6 24. Bb3 Qc5 25. Rc1 Qa5 26. Re1 Nf4 27. Re3 Qb6 28. Qc2 N6h5 29. Rce1 Qf6 30. Qe4 b5 31. Rc3 Nh3+ 32. Kg2 N5f4+ 33. Kh1 Qg5 34. Qe3 h5 35. Rc5 h4 36. Bxf4 Rxf4 37. Bd5 Ref8 38. Bc6 Qg6 39. Rf1 Rd4 40. Be4 Rxe4 41. fxe4 Rxf2 42. Qxh3 Rxf1+ 43. Qxf1 Qxe4+ 44. Kg1 Qg4+ 1/2-1/2

[Event "Jerusalem Japhet Memorial op 2nd"]
[Site "Jerusalem"]
[Date "2014.07.21"]
[Round "5"]
[White "Gershkowich, David"]
[Black "Axelrod, Arie"]
[Result "1-0"]
[WhiteElo "2146"]
[BlackElo "2285"]
[PlyCount "79"]
[EventDate "2014.07.16"]
[EventType "swiss"]
[EventRounds "9"]
[EventCountry "ISR"]
[SourceTitle "CBM 161 Extra"]
[Source "ChessBase"]
[SourceDate "2014.08.29"]
[SourceVersion "1"]
[SourceVersionDate "2014.08.29"]
[SourceQuality "1"]

1. e4 c5 2. Nf3 d6 3. d4 cxd4 4. Nxd4 Nf6 5. Nc3 g6 6. Be3 Bg7 7. f3 Nc6 8. Qd2 0-0 9. Bc4 Bd7 10. Bb3 Qa5 11. 0-0-0 Rfc8 12. h4 Ne5 13. Kb1 Nc4 14. Bxc4 Rxc4 15. Nb3 Qc7 16. g4 Bc6 17. h5 Rxc3 18. Qxc3 Nxe4 19. Qe1 Nc3+ 20. bxc3 Bxf3 21. hxg6 hxg6 22. Qh4 Bxd1 23. Qh7+ Kf8 24. Rxd1 g5 25. Rf1 Qc4 26. Qf5 Bxc3 27. Bxg5 f6 28. Rh1 Qg8 29. Rh7 Ke8 30. Qb5+ Kd8 31. Qxb7 Qxh7 32. Qxa8+ Kd7 33. Qxa7+ Ke8 34. Qa8+ Kf7 35. Qd5+ Kg7 36. Bc1 Qh3 37. Qd3 Qxd3 38. cxd3 Be1 39. Be3 d5 40. a4 1-0

[Event "ISR-ch"]
[Site "Beersheba"]
[Date "2014.06.23"]
[Round "6"]
[White "Axelrod, Arie"]
[Black "Reshef, Omer"]
[Result "1/2-1/2"]
[WhiteElo "2305"]
[BlackElo "2266"]
[PlyCount "131"]
[EventDate "2014.06.17"]
[EventType "swiss"]
[EventRounds "9"]
[EventCountry "ISR"]
[SourceTitle "CBM 161 Extra"]
[Source "ChessBase"]
[SourceDate "2014.08.29"]
[SourceVersion "1"]
[SourceVersionDate "2014.08.29"]
[SourceQuality "1"]

1. e4 c5 2. Nf3 d6 3. d4 cxd4 4. Nxd4 Nf6 5. Nc3 g6 6. Be3 Bg7 7. Be2 0-0 8. g4 Nc6 9. g5 Ng4 10. Bxg4 Bxg4 11. Qxg4 Nxd4 12. 0-0-0 Nc6 13. h4 Bxc3 14. bxc3 Qa5 15. h5 Qxa2 16. Qh3 Qe6 17. hxg6 Qxh3 18. gxf7+ Rxf7 19. Rxh3 Ne5 20. Rdh1 Ng6 21. f4 Nxf4 22. Bxf4 Rxf4 23. Rxh7 Raf8 24. Rxe7 R8f7 25. Re6 Rc7 26. Kb2 Rc6 27. g6 Rb6+ 28. Kc1 Rg4 29. Rd1 Kg7 30. Rexd6 Rxd6 31. Rxd6 Rxe4 32. Rd7+ Kxg6 33. Rxb7 Ra4 34. Re7 Kf6 35. Re3 Ra5 36. Kb2 Re5 37. Rd3 Rb5+ 38. Ka3 Ke6 39. c4 Rb1 40. Rb3 Rc1 41. Kb2 Rh1 42. Rd3 Rh8 43. Kc3 a5 44. c5 Rb8 45. Kd4 Kd7 46. Kd5 Kc7 47. Rh3 Rd8+ 48. Kc4 Rd2 49. c3 Rd1 50. Rh7+ Kc6 51. Ra7 Ra1 52. Ra6+ Kc7 53. Rh6 Rb1 54. Ra6 Ra1 55. Rb6 Rc1 56. Rb3 Kc6 57. Ra3 Rh1 58. Rxa5 Rh4+ 59. Kb3 Rg4 60. Ra8 Kxc5 61. Rc8+ Kb6 62. Rh8 Rf4 63. c4 Rf1 64. Rh6+ Kc5 65. Rh5+ Kc6 66. Rh6+ 1/2-1/2

[Event "Kiryat Ono op-A 4th"]
[Site "Kiryat Ono"]
[Date "2013.07.03"]
[Round "4"]
[White "Axelrod, Arie"]
[Black "Kraus, Yair"]
[Result "1-0"]
[WhiteElo "2350"]
[BlackElo "1978"]
[PlyCount "97"]
[EventDate "2013.06.30"]
[EventType "swiss"]
[EventRounds "5"]
[EventCountry "ISR"]
[SourceTitle "CBM 155 Extra"]
[Source "ChessBase"]
[SourceDate "2013.08.26"]
[SourceVersion "1"]
[SourceVersionDate "2013.08.26"]
[SourceQuality "1"]

1. e4 c5 2. Nc3 Nc6 3. Bb5 Nd4 4. Bc4 e6 5. Nf3 Nf6 6. 0-0 a6 7. Re1 b5 8. Bf1 Bb7 9. d3 Be7 10. Nxd4 cxd4 11. Ne2 Qb6 12. c3 dxc3 13. Nxc3 Bc5 14. Be3 Bd4 15. e5 Bxe3 16. Rxe3 Nd5 17. Nxd5 Bxd5 18. Qg4 g6 19. Rc1 h5 20. Qf4 Qd8 21. h4 Kf8 22. d4 Kg7 23. Bd3 Qe7 24. Rg3 Rac8 25. Ra1 Rc6 26. Rg5 d6 27. a4 b4 28. a5 b3 29. Re1 dxe5 30. dxe5 Qd8 31. Re3 Rh6 32. Reg3 Rc5 33. Be2 Qxa5 34. Qf6+ Kg8 35. Bxh5 Rc1+ 36. Kh2 Be4 37. Rxb3 Rc8 38. Qf4 Qd5 39. Rbg3 Rh7 40. Be2 a5 41. h5 Bf5 42. b3 Rd8 43. Bg4 Bb1 44. Rh3 Qd2 45. Qf6 Rd4 46. hxg6 Rxh3+ 47. Bxh3 Bxg6 48. Bxe6 Rh4+ 49. Kg3 1-0

[Event "Kiryat Ono op-A 4th"]
[Site "Kiryat Ono"]
[Date "2013.07.01"]
[Round "2"]
[White "Axelrod, Arie"]
[Black "Klenburg, Mikhail"]
[Result "1-0"]
[WhiteElo "2350"]
[BlackElo "2368"]
[PlyCount "61"]
[EventDate "2013.06.30"]
[EventType "swiss"]
[EventRounds "5"]
[EventCountry "ISR"]
[SourceTitle "CBM 155 Extra"]
[Source "ChessBase"]
[SourceDate "2013.08.26"]
[SourceVersion "1"]
[SourceVersionDate "2013.08.26"]
[SourceQuality "1"]

1. e4 e6 2. d4 d5 3. Nc3 Nf6 4. exd5 exd5 5. Bg5 c6 6. Bd3 Be7 7. Nge2 Nbd7 8. f3 Nf8 9. Qd2 Ne6 10. Be3 g6 11. 0-0-0 b5 12. Rde1 0-0 13. g4 Ne8 14. h4 Nd6 15. h5 b4 16. Nd1 Nc4 17. Bxc4 dxc4 18. Ng3 Re8 19. hxg6 fxg6 20. Qh2 Nf8 21. Ne4 Qd5 22. Bh6 Qf7 23. Ndf2 b3 24. axb3 cxb3 25. Nd3 Nd7 26. Nd6 Bxd6 27. Rxe8+ Qxe8 28. Qxd6 Qe2 29. Re1 Qxf3 30. Re7 Qd5 31. Re8+ 1-0

[Event "ISR-ch"]
[Site "Acre"]
[Date "2013.04.11"]
[Round "6"]
[White "Golod, Vitali"]
[Black "Axelrod, Arie"]
[Result "1-0"]
[WhiteElo "2573"]
[BlackElo "2328"]
[PlyCount "45"]
[EventDate "2013.04.06"]
[EventType "swiss"]
[EventRounds "9"]
[EventCountry "ISR"]
[SourceTitle "CBM 153 Extra"]
[Source "ChessBase"]
[SourceDate "2013.04.22"]
[SourceVersion "1"]
[SourceVersionDate "2013.04.22"]
[SourceQuality "1"]

1. d4 Nf6 2. c4 e6 3. Nc3 Bb4 4. Qc2 c5 5. dxc5 Na6 6. a3 Bxc3+ 7. Qxc3 Nxc5 8. b4 Nce4 9. Qb2 d5 10. c5 d4 11. e3 e5 12. Bb5+ Bd7 13. Bxd7+ Qxd7 14. Nf3 Ng4 15. 0-0 dxe3 16. Bxe3 f6 17. Rae1 h6 18. Qc2 Nxe3 19. Rxe3 Ng5 20. Rd1 Qc7 21. Qg6+ Kf8 22. Red3 Qf7 23. Nxe5 1-0

[Event "ISR-ch"]
[Site "Acre"]
[Date "2013.04.09"]
[Round "4"]
[White "Zalkind, Konstantin"]
[Black "Axelrod, Arie"]
[Result "0-1"]
[WhiteElo "2254"]
[BlackElo "2328"]
[PlyCount "66"]
[EventDate "2013.04.06"]
[EventType "swiss"]
[EventRounds "9"]
[EventCountry "ISR"]
[SourceTitle "CBM 153 Extra"]
[Source "ChessBase"]
[SourceDate "2013.04.22"]
[SourceVersion "1"]
[SourceVersionDate "2013.04.22"]
[SourceQuality "1"]

1. d4 Nf6 2. c4 Nc6 3. Nc3 e5 4. d5 Ne7 5. g3 Ng6 6. Bg2 Bb4 7. Bd2 0-0 8. a3 Bxc3 9. Bxc3 d6 10. Qc2 a5 11. b3 Bd7 12. Bb2 c6 13. dxc6 Bxc6 14. Nf3 e4 15. Nd4 e3 16. f3 h5 17. Nf5 Re8 18. Bd4 h4 19. Nxe3 Bd7 20. Kf2 Nh5 21. Qd2 Qg5 22. Nf1 Ngf4 23. e3 h3 24. exf4 hxg2 25. Kxg2 Re2+ 26. Bf2 Bh3+ 27. Kg1 Qe7 28. Qd4 Re8 29. Nd2 Nf6 30. Rd1 Qd7 31. Qd3 Qc6 32. Ne4 R8xe4 33. fxe4 Rxe4 0-1

[Event "Petah Tikva Elitzur-A"]
[Site "Petah Tikva"]
[Date "2011.03.01"]
[Round "4"]
[White "Axelrod, Arie"]
[Black "Gruenfeld, Yehuda"]
[Result "0-1"]
[WhiteElo "2403"]
[BlackElo "2472"]
[PlyCount "98"]
[EventDate "2011.02.23"]
[EventType "tourn"]
[EventRounds "9"]
[EventCountry "ISR"]
[EventCategory "8"]
[SourceTitle "CBM 141 Extra"]
[Source "ChessBase"]
[SourceDate "2011.05.03"]
[SourceVersion "1"]
[SourceVersionDate "2011.05.03"]
[SourceQuality "1"]

1. d4 Nf6 2. c4 c5 3. d5 e6 4. Nc3 exd5 5. cxd5 d6 6. Nf3 g6 7. Bf4 a6 8. a4 Bg7 9. h3 0-0 10. e3 Qe7 11. Nd2 Nbd7 12. Be2 Ne5 13. 0-0 Ne8 14. Qc2 f5 15. Rfe1 Bd7 16. b3 Rb8 17. Bf1 b5 18. axb5 axb5 19. Ra7 Qd8 20. Bg3 Qb6 21. Rea1 Nc7 22. R1a5 Rb7 23. Qa2 Rfb8 24. e4 Nf7 25. Nd1 Bd4 26. Kh2 Rxa7 27. Rxa7 c4 28. Ra5 c3 29. Nf3 fxe4 30. Nxd4 Qxd4 31. Ne3 Rb7 32. b4 Kg7 33. Qb3 Ne8 34. Nc2 Qf6 35. Qa3 h5 36. Kg1 h4 37. Bh2 Rc7 38. Bxb5 Bxb5 39. Rxb5 Ne5 40. Qc1 Rf7 41. Qe3 Nc4 42. Qe2 Qg5 43. Rb8 Qc1+ 44. Qe1 Qxe1+ 45. Nxe1 e3 46. f3 Ra7 47. Nc2 Ra2 48. Rxe8 Rxc2 49. Kf1 Rf2+ 0-1

[Event "Haifa Channukah"]
[Site "Haifa"]
[Date "2010.12.08"]
[Round "8.4"]
[White "Fraas, Martin"]
[Black "Axelrod, Arie"]
[Result "1/2-1/2"]
[WhiteElo "2240"]
[BlackElo "2386"]
[PlyCount "60"]
[EventDate "2010.12.01"]
[EventType "tourn"]
[EventRounds "9"]
[EventCountry "ISR"]
[EventCategory "6"]
[SourceTitle "CBM 139 Extra"]
[Source "ChessBase"]
[SourceDate "2011.01.05"]
[SourceVersion "1"]
[SourceVersionDate "2011.01.05"]
[SourceQuality "1"]

1. e4 c5 2. c3 d5 3. exd5 Qxd5 4. d4 Nf6 5. Nf3 e6 6. Be3 cxd4 7. cxd4 Nc6 8. Nc3 Qd6 9. Bd3 Be7 10. 0-0 0-0 11. a3 b6 12. Qe2 Bb7 13. Rad1 Rad8 14. Ng5 h6 15. Nge4 Nxe4 16. Bxe4 f5 17. Bb1 Bf6 18. d5 Bxc3 19. bxc3 exd5 20. Rxd5 Qxa3 21. Rxf5 Rxf5 22. Bxf5 Qxc3 23. Qa2+ Kh8 24. Qf7 Bc8 25. Be4 Ba6 26. Qf5 Kg8 27. Bd5+ Kh8 28. Be4 Kg8 29. Bd5+ Kh8 30. Be4 Kg8 1/2-1/2

[Event "Haifa Channukah"]
[Site "Haifa"]
[Date "2010.12.07"]
[Round "7.3"]
[White "Axelrod, Arie"]
[Black "Aharon, Ofir"]
[Result "1/2-1/2"]
[WhiteElo "2386"]
[BlackElo "2264"]
[PlyCount "108"]
[EventDate "2010.12.01"]
[EventType "tourn"]
[EventRounds "9"]
[EventCountry "ISR"]
[EventCategory "6"]
[SourceTitle "CBM 139 Extra"]
[Source "ChessBase"]
[SourceDate "2011.01.05"]
[SourceVersion "1"]
[SourceVersionDate "2011.01.05"]
[SourceQuality "1"]

1. e4 d6 2. d4 Nf6 3. Nc3 e5 4. Nge2 Be7 5. h3 h5 6. g3 c6 7. Bg2 b5 8. a3 Nbd7 9. Be3 Bb7 10. 0-0 a5 11. f4 b4 12. Na4 Qc7 13. dxe5 dxe5 14. fxe5 Nxe5 15. Bb6 Qd6 16. Qxd6 Bxd6 17. Nc5 Ba6 18. Nxa6 Rxa6 19. Bd4 c5 20. Bf2 0-0 21. Rfd1 Re8 22. axb4 cxb4 23. Nf4 Bc7 24. Nd5 Nxd5 25. exd5 Rd8 26. c4 bxc3 27. bxc3 Rf6 28. Ra4 Rb8 29. Rf4 Rxf4 30. gxf4 Nc4 31. Bf1 Nb2 32. d6 Nxd1 33. dxc7 Re8 34. Bb5 Rc8 35. Bb6 Nxc3 36. Ba6 Nd5 37. Bxc8 Nxb6 38. Bd7 g5 39. fxg5 f6 40. h4 fxg5 41. hxg5 Kf7 42. Kf2 Kg6 43. Bc6 Kxg5 44. Ke3 a4 45. Kd4 a3 46. Bd5 Kf6 47. Kc5 Nc8 48. Kb4 Ke5 49. Bb3 h4 50. Kxa3 h3 51. Bd1 Kf4 52. Ba4 Ne7 53. Bc6 h2 54. Bh1 Ke5 1/2-1/2

[Event "ISR-ch"]
[Site "Haifa"]
[Date "2010.11.17"]
[Round "8"]
[White "Shachar, Ehud"]
[Black "Axelrod, Arie"]
[Result "0-1"]
[WhiteElo "2370"]
[BlackElo "2386"]
[PlyCount "84"]
[EventDate "2010.11.08"]
[EventType "swiss"]
[EventRounds "9"]
[EventCountry "ISR"]
[SourceTitle "EXT 2011"]
[Source "ChessBase"]
[SourceDate "2010.11.26"]
[SourceVersion "1"]
[SourceVersionDate "2010.11.26"]
[SourceQuality "1"]

1. e4 c5 2. Nf3 Nc6 3. d3 g6 4. g3 Bg7 5. Bg2 e5 6. 0-0 Nge7 7. c3 d5 8. Nbd2 0-0 9. a3 a5 10. a4 h6 11. exd5 Nxd5 12. Nc4 Bf5 13. Re1 Re8 14. Nh4 Be6 15. Qe2 Qc7 16. Bd2 Rad8 17. h3 Qd7 18. Kh2 Nde7 19. Be3 Qxd3 20. Qxd3 Rxd3 21. Nb6 c4 22. Bf1 e4 23. Bxd3 cxd3 24. f4 Rd8 25. Ng2 f5 26. Bd2 Rd6 27. Na8 Nd5 28. Ne3 Nce7 29. Nxd5 Nxd5 30. Rab1 Rd8 31. c4 Rxa8 32. cxd5 Bxd5 33. Rbc1 Bxb2 34. Rc5 Bc6 35. Rxa5 Rxa5 36. Bxa5 Bd4 37. Bd2 Bxa4 38. g4 Kf7 39. Kg3 b5 40. h4 b4 41. h5 b3 42. g5 b2 0-1

[Event "ISR-ch"]
[Site "Haifa"]
[Date "2010.11.16"]
[Round "7"]
[White "Axelrod, Arie"]
[Black "Prozhanski, Genrik"]
[Result "1-0"]
[WhiteElo "2386"]
[BlackElo "2342"]
[PlyCount "83"]
[EventDate "2010.11.08"]
[EventType "swiss"]
[EventRounds "9"]
[EventCountry "ISR"]
[SourceTitle "EXT 2011"]
[Source "ChessBase"]
[SourceDate "2010.11.26"]
[SourceVersion "1"]
[SourceVersionDate "2010.11.26"]
[SourceQuality "1"]

1. d4 Nf6 2. Bf4 c5 3. d5 g6 4. Nc3 Bg7 5. e4 0-0 6. Nf3 d6 7. Nd2 a6 8. a4 e5 9. Bg5 h6 10. Bh4 Qc7 11. Be2 Nh7 12. 0-0 Kh8 13. Nc4 f5 14. exf5 gxf5 15. f4 e4 16. a5 Bf6 17. Bf2 Nd7 18. Na4 Rg8 19. Ra3 Ndf8 20. Rh3 Rb8 21. Kh1 Ng6 22. Rxh6 Qg7 23. Rh3 Nxf4 24. Rg3 Ng6 25. Bh5 Bg5 26. Be1 Qe7 27. Bc3+ Ne5 28. Nxe5 dxe5 29. d6 Qg7 30. Qd5 f4 31. Bxe5 Nf6 32. Bxf6 Qxf6 33. d7 Bxd7 34. Qxd7 Rg7 35. Qd5 Rd8 36. Qxc5 Rd2 37. Nc3 Rxc2 38. Bd1 Rc1 39. Rh3+ Bh6 40. Nxe4 Qxb2 41. Rxh6+ Kg8 42. Bb3+ 1-0

[Event "ISR-ch"]
[Site "Haifa"]
[Date "2010.11.09"]
[Round "2.2"]
[White "Axelrod, Arie"]
[Black "Golod, Vitali"]
[Result "0-1"]
[WhiteElo "2386"]
[BlackElo "2582"]
[PlyCount "78"]
[EventDate "2010.11.08"]
[EventType "swiss"]
[EventRounds "9"]
[EventCountry "ISR"]
[SourceTitle "EXT 2011"]
[Source "ChessBase"]
[SourceDate "2010.11.26"]
[SourceVersion "1"]
[SourceVersionDate "2010.11.26"]
[SourceQuality "1"]

1. c4 e5 2. e3 Nf6 3. d4 exd4 4. exd4 Bb4+ 5. Nc3 0-0 6. Bd3 d5 7. Nge2 dxc4 8. Bxc4 Nc6 9. 0-0 Bd6 10. h3 Bf5 11. Bg5 h6 12. Bh4 Be7 13. Bg3 Bd6 14. Bh4 Be7 15. Bg3 Na5 16. Bd3 Bxd3 17. Qxd3 Nc6 18. Rfd1 Bd6 19. Bh4 Re8 20. Rac1 a6 21. Qf3 Be7 22. Bg3 Bd6 23. Na4 Bxg3 24. Nxg3 Qd5 25. Qxd5 Nxd5 26. Nc5 b6 27. Nxa6 Rxa6 28. Rxc6 Rxa2 29. Rc2 g6 30. Ne2 Kg7 31. g3 Re7 32. Kg2 h5 33. Kf3 g5 34. Rdd2 Ra1 35. Rc6 f5 36. g4 fxg4+ 37. hxg4 h4 38. Nc3 h3 39. Kg3 Rg1+ 0-1

[Event "ISR-chT"]
[Site "Israel"]
[Date "2010.05.07"]
[Round "9.6"]
[White "Axelrod, Arie"]
[Black "Greenfeld, Alon"]
[Result "1/2-1/2"]
[WhiteElo "2374"]
[BlackElo "2559"]
[PlyCount "98"]
[EventDate "2010.01.29"]
[EventType "team"]
[EventRounds "11"]
[EventCountry "ISR"]
[SourceTitle "EXT 2011"]
[Source "ChessBase"]
[SourceDate "2010.11.26"]
[SourceVersion "1"]
[SourceVersionDate "2010.11.26"]
[SourceQuality "1"]
[WhiteTeam "Petah Tikva Elitzur"]
[BlackTeam "Beer Sheva"]
[WhiteTeamCountry "ISR"]
[BlackTeamCountry "ISR"]

1. d4 Nf6 2. c4 e6 3. Nc3 Bb4 4. e3 0-0 5. Nge2 d5 6. a3 Bd6 7. c5 Be7 8. Nf4 c6 9. Nd3 Nbd7 10. f4 b6 11. b4 a5 12. Bd2 Ba6 13. Be2 Ne4 14. Nxe4 dxe4 15. Nf2 Bxe2 16. Kxe2 Nf6 17. Qc2 Qd5 18. g4 h6 19. Rhg1 g5 20. fxg5 hxg5 21. h4 axb4 22. Bxb4 Kg7 23. hxg5 Qxg5 24. Nh3 Qh4 25. Nf4 Rh8 26. g5 Nh5 27. Qxe4 Qh2+ 28. Kd3 Nxf4+ 29. Qxf4 bxc5 30. Qxh2 Rxh2 31. dxc5 Rd8+ 32. Ke4 Rd5 33. Rh1 Rxh1 34. Rxh1 Rxg5 35. Rc1 Rg4+ 36. Kf3 f5 37. Rd1 e5 38. Rd7 e4+ 39. Kf2 Kf8 40. a4 Ke8 41. Rc7 f4 42. exf4 Rxf4+ 43. Ke3 Bg5 44. Rg7 Bh6 45. Rh7 Bg5 46. Rh5 Rg4+ 47. Ke2 Rg2+ 48. Kf1 Rb2 49. Be1 Bd2 1/2-1/2